Microsoft Windows Server 2003 Skripty velká kniha řešení

Saved in:
Bibliographic Details
Main Author: Stolz, Annette
Format: Book
Language:Czech
Published: Brno Computer Press 2007
Edition:1. vyd.
Subjects:
Online Access:View in OPAC
Tags: Add Tag
No Tags, Be the first to tag this record!

MARC

LEADER 00000nam a2200000 a 4500
005 20260127134256.0
008 081001 2008 xr 000 0 cze d
020 |a 9788025116685 (viaz.) 
035 |a vtls009340615 
039 9 |y 200810011155  |z mschk03 
040 |a STUSCHK1  |b slo  |c STUSCHK1  |e AACR2 
080 |a 004.451.9Windows Server 
080 |a 004.72:004.451 
080 |a 004.7:004.451.2 
080 |a (035) 
100 1 |a Stolz, Annette 
245 1 |a Microsoft Windows Server 2003 Skripty  |b velká kniha řešení  |c Annette Stolz; [překlad David Čepička] 
250 |a 1. vyd. 
260 |a Brno  |b Computer Press  |c 2007 
300 |a 699 s.  |c 23 cm + 1 CD-ROM 
500 |a Preložené z nemčiny 
650 0 |a Microsoft Windows 2003 Server 
650 0 |a sieťové operačné systémy 
650 0 |a správa počítačových sietí 
910 |a SCHK95 
919 |a 978-80-251-1668-5 
999 |c 8499  |d 8499